Diarios de Clase: un instrumento de investigación y desarrollo profesional
Tallennettuna:
| Päätekijä: | |
|---|---|
| Aineistotyyppi: | Kirja |
| Kieli: | espanja |
| Julkaistu: |
Madrid
Narcea
2004
|
| Sarja: | Colección Educación Hoy Estudios
|
| Aiheet: | |
| Tagit: |
Lisää tagi
Ei tageja, Lisää ensimmäinen tagi!
|
MARC
| LEADER | 00000nam a2200000 a 4500 | ||
|---|---|---|---|
| 001 | UCI8640 | ||
| 003 | CL-VaPUC | ||
| 008 | 080911e20040000SP |||||||||||||||||spa|d | ||
| 020 | |a 8427714696 | ||
| 082 | 0 | 4 | |a 370.71 |b ZAB |2 21 |
| 100 | 0 | |a Zabalza, Miguel Angel |e author |9 532182 | |
| 245 | 1 | 0 | |a Diarios de Clase: un instrumento de investigación y desarrollo profesional |
| 300 | |a 165 p | ||
| 942 | |c BK | ||
| 945 | |d 20080911 00:00:00 |a jtorresc | ||
| 260 | |a Madrid |b Narcea |c 2004 | ||
| 650 | 0 | |a Profesores |9 308968 | |
| 650 | 0 | |a Formación profesional de profesores |9 307493 | |
| 650 | 7 | |a METODOLOGIA DE LA EDUCACION |2 CL-VaPUC |9 392172 | |
| 583 | |a last modification |c 20080911 00:00:00 |k Rodrigo Vera | ||
| 490 | 0 | |a Colección Educación Hoy Estudios | |
| 999 | |c 331456 |d 331454 | ||
| 952 | |0 0 |1 0 |4 0 |6 370_710000000000000_ZAB_2004 |7 0 |8 A |9 418131 |a BIBEDU |b BIBEDU |c ES_NOD |d 2019-11-22 |i 4481135 |o 370.71 ZAB 2004 |p 4481135 |r 2023-08-09 |w 2019-11-22 |y BK |k EPE | ||